La dicotoma̕ del sistema procesal sancionador colombiano

Detalles Bibliográficos
Autor principal: Largo Caąveral, Julio Cesar
Formato: eBook
Lenguaje:español
Publicado: Bogot:̀ Editorial Acadm̌ica Espaǫla, 2019
Materias:
Acceso en línea:Acceso restringido

MARC

LEADER 00000nam a22000007a 4500
005 20191008233417.0
007 cr|||| ||||
008 191008s2019 co |||||s|||| 00||0 spa d
020 |a 9786139408993 
035 |a 29533 
040 |a vLex 
090 |c 9735  |d 9735 
100 1 |a Largo Caąveral, Julio Cesar 
245 1 2 |a La dicotoma̕ del sistema procesal sancionador colombiano  |h [Recurso electrn̤ico] /  |c Julio Cesar Largo Caąveral 
256 |a Servicio en ln̕ea 
260 |a Bogot:̀  |b Editorial Acadm̌ica Espaǫla,  |c 2019 
300 |a 1 recurso electrn̤ico 
500 |a El presente documento pretende sugerir un cambio en el sistema procesal que impera y regula el derecho sancionador en materia disciplinaria de los servidores pb︢licos en Colombia, dicha sugerencia se pretende lograr abordando primero una breve explicacin̤ del origen del derecho sancionador o ius puniendi, sus principales elementos sustanciales y principios reguladores, para despuš de ello establecer la innegable relacin̤ que existe entre el sistema procesal al momento de aplicar el derecho sancionador disciplinario y el derecho sancionador penal para los servidores pb︢licos. De tal manera se podr ̀establecer la notoria diferencia existente actualmente entre un mismo derecho sancionatorio, est ̀es, la pervivencia simultanea del sistema al que la doctrina a denominado inquisitivo, el cual regula todas las actuaciones disciplinarias y el sistema de corriente acusatoria que predomina en el proceso penal. 
506 1 |a Disponible solo en los productos indicados  |d vLex Global  |d vLex Global (Academic Edition, excluding Law Schools)  |d vLex Global (U.S. Academic Edition, Law Schools)  |d vLex Global (U.S. Academic Edition, excluding Law Schools)  |d vLex Global (Academic Edition, Law Schools) 
650 0 4 |a Derecho Pb︢lico y Administrativo  |z Colombia 
740 0 |a vLex Libros (Servicio en ln̕ea) 
856 4 0 |u http://vlex.com/source/29533  |z Acceso restringido 
942 |c BOOK 
999 0 |a Public and Administrative Law